| 000 | 00716nam a22002057a 4500 | ||
|---|---|---|---|
| 008 | 160621b xxu||||| |||| 00| 0 eng d | ||
| 020 | _a981-247-151-0 | ||
| 082 |
_22004 _aDC 696 _bT15m |
||
| 100 |
_910267 _aTao, William K.Y. |
||
| 245 |
_aMechanical and electrical systems in buildings/ _cWilliam K.Y. Tao and Richard R. Janis. |
||
| 250 | _aSecond Edition | ||
| 260 |
_aNew Jersey: _bPearson Education, Inc., _cc2004. |
||
| 300 |
_axvi, 592 pages: _billustrations; _c23 cm. |
||
| 500 | _aIncludes index and appendices. | ||
| 650 | 0 |
_910268 _aBuildings _xMechanical equipment. |
|
| 650 | 0 |
_910269 _aBuildings _xElectrical equipment |
|
| 700 |
_910270 _aJanis, Richard R. |
||
| 365 |
_b495.00 _cPhp |
||
| 942 |
_2ddc _cDC |
||
| 999 |
_c3073 _d3073 |
||